Statistics for Spiderman

Click here to take the quiz!

General Stats

  • This quiz has been taken 358 times
  • The average score is 4 of 12

Answer Stats

HintAnswer% Correct
Spiderman
94%
Mary Jane
62%
Venom
45%
Sandman
33%
Rhino
27%
Lizard
26%
Carnage
24%
Doc Ock
19%
Mysterio
19%
Scorpion
17%
Kingpin
16%
Goblin
15%

Score Distribution

Percentile by Number Answered

Percent of People with Each Score

Your Score History

You have not taken this quiz